Top 30 Managers of UEFA Champions Leagues - Statistics

General Stats
  • This quiz has been taken 73 times
  • The average score is 15 of 25
Answer Stats
# Coach Nationality Current Club PPM % Correct
1 Pep Guardiola Spain Manchester City 2.06
100%
5 Carlo Ancelotti Italy Real Madrid 1.96
97%
12 José Mourinho Portugal Fenerbahce 1.83
95%
3 Luis Enrique Spain Paris Saint-Germain 1.98
92%
2 Zinédine Zidane France 2.02
91%
15 Diego Simeone Argentina Atlético de Madrid 1.75
89%
6 Thomas Tuchel Germany England National Team 1.96
88%
4 Louis van Gaal Netherlands 1.97
86%
9 Alex Ferguson Scotland 1.88
85%
21 Unai Emery Spain Aston Villa 1.55
80%
25 Ronald Koeman Netherlands Netherlands National Team 1.25
72%
10 Jürgen Klopp Germany 1.85
65%
8 Vicente del Bosque Spain 1.90
58%
20 Manuel Pellegrini Chile Real Betis 1.55
49%
11 Fabio Capello Italy 1.85
45%
22 Luciano Spalletti Italy Italy National Team 1.52
40%
16 Marcello Lippi Italy 1.73
40%
23 Roberto Mancini Italy 1.49
38%
17 Arsène Wenger France 1.64
37%
19 Sérgio Conceição Portugal AC Milan 1.59
35%
7 Rafael Benítez Spain 1.92
34%
18 Massimiliano Allegri Italy 1.61
32%
13 Ottmar Hitzfeld Gernany 1.80
25%
14 Héctor Cúper Argentina 1.79
6%
24 Javier Irureta Spain 1.45
3%
No matching quizzes found
Score Distribution
Percent of People with Each Score
Percentile by Number Answered
Your Score History
You have not taken this quiz